00350 2200145 4500001002100000005001500021035002000036245004200056100002000098300001200118260004000130082000800170084001400178990001200192INLIS00000000000233820250528101741 a0010-05250006301 aBahasa Jerman /cAmir F. Hidayat,M.Pd0 aAmir F. Hidayat a244 hlm aJakarta :bCV. Pustaka Setia,c2007 a430 a430 AMI b a0712339